| 000 | 01182nam0a22002531 4500 | ||
|---|---|---|---|
| 001 | rc\353519 | ||
| 005 | 20030307122803.5 | ||
| 035 | _a(NLR Aleph) 005573283 | ||
| 090 |
_a6034588 _c6034588 |
||
| 100 | _a20030307d1989 u |0rusy50 ca | ||
| 101 | 0 | _arus | |
| 102 | _aRU | ||
| 105 | _ay ||||||||| | ||
| 200 | 1 |
_aГигиена труда и состояние здоровья работников промышленных предприятий и сельского хозяйства Казахстана _e[Сб.ст.] _fНИИ гигиены и профзаболеваний, Алма-Ат. гос. мед. ин-т _g[Редкол.: В.А. Козловский (отв. ред.) и др.] |
|
| 210 |
_aАлма-Ата _cНИИ гигиены и профзаболеваний _d1989 |
||
| 215 |
_a229 с. _d20 |
||
| 320 | _aБиблиогр. в конце ст. | ||
| 702 | 1 |
_aКозловский _bВ. А. _gВладимир Антонович _4340 |
|
| 712 | 0 | 2 |
_aНИИ гигиены и профзаболеваний _cАлма-Ата _3RU\NLR\AUTH\8810005952 |
| 801 | 0 |
_aRU _bNLR _gpsbo |
|
| 801 | 1 |
_aRU _bELAR _2rusmarc |
|
| 852 |
_aNLR _j91-3/2384 |
||
| 942 | _cBOOK | ||
| 980 | _aNB | ||